|
|
|
|
| LEADER |
01772nam a2200505 i 4500 |
| 001 |
nkc20243589975 |
| 003 |
CZ PrNK |
| 005 |
20250506154947.0 |
| 007 |
ta |
| 008 |
240226s2022 xr ab f 000 0 cze |
| 015 |
|
|
|a cnb003589975
|
| 020 |
|
|
|a 978-80-7509-889-4
|q (vázáno)
|
| 035 |
|
|
|a (OCoLC)1429251440
|
| 040 |
|
|
|a ABA001
|b cze
|e rda
|
| 041 |
0 |
|
|a cze
|b eng
|
| 043 |
|
|
|a e-xr---
|
| 072 |
|
7 |
|a 911
|x Obecná geografie. Systematická geografie
|2 Konspekt
|9 7
|
| 080 |
|
|
|a 911.53:63
|2 MRF
|
| 080 |
|
|
|a 631.115
|2 MRF
|
| 080 |
|
|
|a (437.3)
|2 MRF
|
| 080 |
|
|
|a (048.8)
|2 MRF
|
| 100 |
1 |
|
|a Kučera, Petr
|7 ola2012727325
|4 aut
|
| 245 |
1 |
0 |
|a Krajiny poplužních dvorů :
|b vzestup a pád selského rozumu /
|c Petr Kučera
|
| 250 |
|
|
|a Vydání první
|
| 264 |
|
1 |
|a Brno :
|b Mendelova univerzita v Brně,
|c 2022
|
| 300 |
|
|
|a 168 stran :
|b barevné ilustrace, mapy ;
|c 22 cm
|
| 336 |
|
|
|a text
|b txt
|2 rdacontent
|
| 336 |
|
|
|a statický obraz
|b sti
|2 rdacontent
|
| 337 |
|
|
|a bez média
|b n
|2 rdamedia
|
| 338 |
|
|
|a svazek
|b nc
|2 rdacarrier
|
| 500 |
|
|
|a 400 výtisků
|
| 500 |
|
|
|a Terminologický slovník
|
| 504 |
|
|
|a Obsahuje bibliografii
|
| 546 |
|
|
|a Anglické resumé
|
| 650 |
0 |
7 |
|a zemědělská krajina
|7 ph116758
|z Česko
|2 czenas
|
| 650 |
0 |
7 |
|a poplužní dvory
|7 ph1148961
|z Česko
|2 czenas
|
| 650 |
0 |
9 |
|a agricultural landscape
|z Czechia
|2 eczenas
|
| 650 |
0 |
9 |
|a meierhofs
|z Czechia
|2 eczenas
|
| 655 |
|
7 |
|a monografie
|7 fd132842
|2 czenas
|
| 655 |
|
9 |
|a monographs
|2 eczenas
|
| 910 |
2 |
|
|a BOA001
|b 2-1524.779
|
| 990 |
|
|
|a BK
|
| 995 |
|
|
|a 01
|
| 996 |
6 |
|
|b 2610970832
|c 2-1524.779
|l MZK
|r Sklad / do 1 hodiny
|n 0
|p p.v.
|w 001965995
|u 000010
|a 1
|e BOA001
|j MZK50
|s P
|
| 996 |
7 |
|
|b 2610970833
|c 2-1524.779
|l MZK
|r Sklad / do 1 hodiny
|n 2
|p p.v.
|w 001965995
|u 000020
|a 1
|e BOA001
|j MZK50
|s A
|